Women on the indian scene : (Record no. 125550)
[ view plain ]
| 000 -LEADER | |
|---|---|
| fixed length control field | 00943nam a22002657a 4500 |
| 005 - DATE AND TIME OF LATEST TRANSACTION | |
| control field | 20170124105956.0 |
| 010 ## - LIBRARY OF CONGRESS CONTROL NUMBER | |
| LC control number | 813314 |
| 020 ## - INTERNATIONAL STANDARD BOOK NUMBER | |
| Terms of availability | 00.00 |
| 035 ## - SYSTEM CONTROL NUMBER | |
| System control number | 813314 |
| 037 ## - SOURCE OF ACQUISITION | |
| Source of stock number/acquisition | Cen Lib/Ret |
| 040 ## - CATALOGING SOURCE | |
| Original cataloging agency | DPL |
| Language of cataloging | EN |
| 082 ## - DEWEY DECIMAL CLASSIFICATION NUMBER | |
| Classification number | 016.396 |
| Item number | WOM |
| 245 ## - TITLE STATEMENT | |
| Title | Women on the indian scene : |
| Statement of responsibility, etc | compiled by M.C. Usha, Rajni Saxena [and] Neera Mathur ; edited by Kalpana Dasgupta |
| Remainder of title | an annotated bibliography ; a project sponsored by the YWCA of India / |
| 260 ## - PUBLICATION, DISTRIBUTION, ETC. (IMPRINT) | |
| Place of publication, distribution, etc | New Delhi |
| Name of publisher, distributor, etc | Abhinav Publications |
| Date of publication, distribution, etc | 1976 |
| 270 ## - ADDRESS | |
| Address | 26-A, Mayapuri Phase-I |
| City | New Delhi |
| Postal code | 110027 |
| 300 ## - PHYSICAL DESCRIPTION | |
| Extent | xii,391p. |
| Dimensions | 22cm(Hb) |
| 500 ## - GENERAL NOTE | |
| General note | Includes indexes. |
| 650 ## - SUBJECT ADDED ENTRY--TOPICAL TERM | |
| Topical term or geographic name as entry element | Women -- India -- Bibliography. |
| 9 (RLIN) | 15875 |
| 650 ## - SUBJECT ADDED ENTRY--TOPICAL TERM | |
| Topical term or geographic name as entry element | Femmes -- Inde -- Bibliographie. |
| 9 (RLIN) | 15876 |
| 700 ## - ADDED ENTRY--PERSONAL NAME | |
| Personal name | Usha, M.C. |
| 9 (RLIN) | 14745 |
| 700 ## - ADDED ENTRY--PERSONAL NAME | |
| Personal name | Saxena, Rajini |
| 9 (RLIN) | 14746 |
| 700 ## - ADDED ENTRY--PERSONAL NAME | |
| Personal name | Mathur, Neera |
| 9 (RLIN) | 14747 |
| 700 ## - ADDED ENTRY--PERSONAL NAME | |
| Personal name | Dasgupta, Kalpana |
| 9 (RLIN) | 14748 |
| 942 ## - ADDED ENTRY ELEMENTS (KOHA) | |
| Source of classification or shelving scheme | Dewey Decimal Classification |
| Koha item type | English Books |
| Classification part | 016.396 |
| Call number suffix | WOM |
| Withdrawn status | Lost status | Damaged status | Not for loan | Collection code | Home library | Current library | Date acquired | Source of acquisition | Cost, normal purchase price | Total Checkouts | Full call number | Barcode | Date last seen | Copy number | Cost, replacement price | Price effective from | Koha item type |
|---|---|---|---|---|---|---|---|---|---|---|---|---|---|---|---|---|---|
| Not For Loan | Reference | Central Library | Central Library | 22/06/2015 | Cen Lib/Ret | 0.00 | 016.396 WOM | 813314 | 22/06/2015 | 1 | 0.00 | 15/09/2016 | English Books |
